MARC details
| 000 -LEADER |
| fixed length control field |
01102cam a2200313 i 4500 |
| 003 - CONTROL NUMBER IDENTIFIER |
| control field |
TR-AnTOB |
| 005 - DATE AND TIME OF LATEST TRANSACTION |
| control field |
20220426144650.0 |
| 007 - PHYSICAL DESCRIPTION FIXED FIELD--GENERAL INFORMATION |
| fixed length control field |
ta |
| 008 - FIXED-LENGTH DATA ELEMENTS--GENERAL INFORMATION |
| fixed length control field |
170202s2017 tu a 000 0 tur d |
| 020 ## - INTERNATIONAL STANDARD BOOK NUMBER |
| International Standard Book Number |
9786059144742 (paperback) |
| 040 ## - CATALOGING SOURCE |
| Original cataloging agency |
T9K |
| Description conventions |
rda |
| Language of cataloging |
eng |
| Transcribing agency |
T9K |
| Modifying agency |
TR-AnTOB |
| 041 0# - LANGUAGE CODE |
| Language code of text/sound track or separate title |
Türkçe |
| Language code of original |
eng |
| 050 #4 - LIBRARY OF CONGRESS CALL NUMBER |
| Classification number |
GV942.7.A424 |
| Item number |
N4819 2017 |
| 090 ## - LOCALLY ASSIGNED LC-TYPE CALL NUMBER (OCLC); LOCAL CALL NUMBER (RLIN) |
| Classification number (OCLC) (R) ; Classification number, CALL (RLIN) (NR) |
GV942.7.A424 |
| Local cutter number (OCLC) ; Book number/undivided call number, CALL (RLIN) |
N4819 2017 |
| 100 1# - MAIN ENTRY--PERSONAL NAME |
| Personal name |
Neves, Marcos Eduardo |
| Relator term |
author. |
| 9 (RLIN) |
136821 |
| 240 10 - UNIFORM TITLE |
| Uniform title |
Alex, a biografia. |
| Language of a work |
Turkish. |
| 245 #0 - TITLE STATEMENT |
| Title |
Alex de Souza : |
| Remainder of title |
biyografi / |
| Statement of responsibility, etc. |
Marcos Eduardo Neves ; Portekizce aslından çeviren Halil Beytaş. |
| 264 #1 - PRODUCTION, PUBLICATION, DISTRIBUTION, MANUFACTURE, AND COPYRIGHT NOTICE |
| Place of production, publication, distribution, manufacture |
İstanbul : |
| Name of producer, publisher, distributor, manufacturer |
İndigo Kitap, |
| Date of production, publication, distribution, manufacture, or copyright notice |
2017. |
| 300 ## - PHYSICAL DESCRIPTION |
| Extent |
335 pages : |
| Other physical details |
16 plates, illustrations ; |
| Dimensions |
22 cm |
| 336 ## - CONTENT TYPE |
| Content type term |
text |
| Source |
rdacontent. |
| Content type code |
txt |
| 337 ## - MEDIA TYPE |
| Media type term |
unmediated |
| Source |
rdamedia. |
| Media type code |
n |
| 338 ## - CARRIER TYPE |
| Carrier type term |
volume |
| Source |
rdacarrier. |
| Carrier type code |
nc |
| 600 10 - SUBJECT ADDED ENTRY--PERSONAL NAME |
| Personal name |
Souza, Alex de |
| 9 (RLIN) |
136823 |
| 650 #7 - SUBJECT ADDED ENTRY--TOPICAL TERM |
| Topical term or geographic name entry element |
Futbolcular |
| 9 (RLIN) |
136825 |
| 700 1# - ADDED ENTRY--PERSONAL NAME |
| Personal name |
Beytaş, Halil |
| Relator term |
translator |
| 9 (RLIN) |
136824 |
| 856 42 - ELECTRONIC LOCATION AND ACCESS |
| Uniform Resource Identifier |
<a href="https://media.library.ku.edu.tr/public/BookCoverImages/alex_de_souza.jpg">https://media.library.ku.edu.tr/public/BookCoverImages/alex_de_souza.jpg</a> |
| Public note |
cover image |
| 942 ## - ADDED ENTRY ELEMENTS (KOHA) |
| Source of classification or shelving scheme |
Library of Congress Classification |
| Koha item type |
Book |